Centrálna zóna, Pezinok
Gespeichert in:
| 1. Verfasser: | |
|---|---|
| Weitere Verfasser: | |
| Format: | Manuskript Buch |
| Sprache: | Slowakisch |
| Veröffentlicht: |
2024
|
| Schlagworte: | |
| Online-Zugang: | http://is.stuba.sk/zp/portal_zp.pl?podrobnosti=161714 |
| Tags: |
Keine Tags, Fügen Sie das erste Tag hinzu!
|
MARC
| LEADER | 00000ntm a22000003a 4500 | ||
|---|---|---|---|
| 001 | stuzp98819 | ||
| 003 | SK-STU | ||
| 005 | 20240615211225.8 | ||
| 007 | ta | ||
| 008 | 150427s2015----xo-----f-mn---000-0-slo-d | ||
| 040 | |a STU |b slo | ||
| 041 | 0 | |a slo | |
| 100 | 1 | |a Hulecová, Zuzana |u 056160 |4 aut |U FAD Fakulta architektúry a dizajnu |T FAD Ústav urbanizmu a územného plánovania |X 109985 |U A6160 |Y 397 |7 109985 | |
| 242 | 0 | 1 | |a City Centre Public Space, Pezinok |y eng |
| 245 | 1 | 0 | |a Centrálna zóna, Pezinok |
| 260 | |c 2024 | ||
| 650 | 4 | |a Pezinok |2 slo | |
| 650 | 4 | |a mestský ruch |2 slo | |
| 650 | 4 | |a doprava |2 slo | |
| 650 | 4 | |a verejné priestory |2 slo | |
| 650 | 4 | |a centrálna zóna |2 slo | |
| 650 | 4 | |a zeleň |2 slo | |
| 650 | 4 | |a Pezinok |2 eng | |
| 650 | 4 | |a town tourism |2 eng | |
| 650 | 4 | |a transportation |2 eng | |
| 650 | 4 | |a public premises |2 eng | |
| 650 | 4 | |a downtown |2 eng | |
| 650 | 4 | |a greenery |2 eng | |
| 700 | 1 | |a Vitková, Ľubica |u 056160 |k Z1 |4 ths |U FAD Fakulta architektúry a dizajnu |T FAD Ústav urbanizmu a územného plánovania |X 447 |U A6160 |Y 397 |7 A000000447 | |
| 856 | 4 | |u http://is.stuba.sk/zp/portal_zp.pl?podrobnosti=161714 | |